Formas que pueden adoptar las sociedades mercantiles (Record no. 32342)

MARC details
000 -LEADER
campo de control de longitud fija 00714nam a2200181 i 4500
001 - NÚMERO DE CONTROL
campo de control 32342
003 - IDENTIFICADOR DE NÚMERO DE CONTROL
campo de control ES-MaACL
005 - FECHA Y HORA DE LA ÚLTIMA TRANSACCIÓN
campo de control 20230910063044.0
007 - CAMPO FIJO DE DESCRIPCIÓN FÍSICA--INFORMACIÓN GENERAL
campo de control de longitud fija t|
008 - DATOS DE LONGITUD FIJA--INFORMACIÓN GENERAL
campo de control de longitud fija 030131s1904 sp ||||1| spa d
100 1# - ENTRADA PRINCIPAL--NOMBRE DE PERSONA
Nombre de persona Benito y Endara, Lorenzo,
Fechas asociadas al nombre 1855-1932
9 (RLIN) 27698
245 10 - MENCIÓN DEL TÍTULO
Título Formas que pueden adoptar las sociedades mercantiles
Resto del título : conferencia dada en el Círculo Liberal Democrático de Barcelona el 21 de mayo de 1904 /
Mención de responsabilidad, etc. por Lorenzo Benito y Endara.
260 ## - PUBLICACIÓN, DISTRIBUCIÓN, ETC.
Lugar de publicación, distribución, etc. Madrid :
Nombre del editor, distribuidor, etc. [s.n.],
Fecha de publicación, distribución, etc. 1904 (
Fabricante Impr. de la Revista de Legislación)
300 ## - DESCRIPCIÓN FÍSICA
Extensión 24 p. ;
Dimensiones 22 cm.
650 #4 - PUNTO DE ACCESO ADICIONAL DE MATERIA--TÉRMINO DE MATERIA
Término de materia o nombre geográfico como elemento de entrada Sociedades-
Subdivisión geográfica España.
9 (RLIN) 150724
852 ## - LOCALIZACIÓN
Ubicación ES-MaACL
Número de control de estantería T-164-F-2
Holdings
Estatus retirado Estado de pérdida Fuente del sistema de clasificación o colocación Estado de daño No para préstamo Colección Biblioteca de origen Biblioteca actual Ubicación en estantería Fecha de adquisición Total de préstamos Signatura topográfica completa Código de barras Visto por última vez Precio de reemplazo Tipo de ítem Koha Nota pública
    Clasificación decimal universal     Colección de folletos Biblioteca del Ateneo de Madrid Biblioteca del Ateneo de Madrid Depósito folletos 17/01/2008   T-164-F-2 1033501 23/02/2023 23/02/2023 Folleto Dedicatoria autógrafa del autor